000 01020cam a2200205 4500
001 WB3931-17
008 030813n2003 000 0 eng u
035 _a(Sirsi) u123267
245 _aHousing slowdown ongoing
260 _c2003
490 _aFPD Savills News Release
_v 1 August 2003 (1)
520 _aFPD Savills in its latest "UK Residential research bulletin" reports that turnover, rather than house prices, is set to fall in the short term, as a growing number of homeowners stay put and try to add to the value of their property. Highlights that housing supply is unable to meet changing levels in demand. House prices in London and the south east will stagnate in the short term rather than register big falls. http://www.fpdsavills.co.uk/news.asp?content=%5Cuber%5Fnews%5C3512%2Ehtm&subcategory=none&contenttype=news&category=
590 _aWB
650 _aHOUSE PRICE SURVEYS
650 _aINTEREST RATES
650 _aMORTGAGE DEBT
650 _aFPD SAVILLS
690 _aHOUSING
942 _n0
999 _c73217
_d73217